| 000 | 01196nem a2200241 i 4500 | ||
|---|---|---|---|
| 001 | 40214 | ||
| 003 | ES-MaACL | ||
| 005 | 20230906160151.0 | ||
| 007 | t| | ||
| 008 | 030305s1862 sp | |0|1||spa d | ||
| 110 | 2 |
_aEspaña. _bDirección General de Correos. _9160394 |
|
| 245 | 1 | 0 |
_aCarta de Correos y Postas de las provincias de Albacete, Alicante y Murcia [ _hMaterial cartográfico] / _ctrazada por la Dirección General de Correos. |
| 255 | _aEscala [1 : 500.000]. | ||
| 260 |
_a[Madrid?] : _bDirección General de Correos, _c1862. |
||
| 300 |
_a1 h. pleg., 1 plano : _bcol. ; _c54,5 x 69,5 cm, pleg. en 14 x 10,5 cm. |
||
| 500 | _aEn el plano tabla de signos convencionales de conducciones y límites reflejados en el mapa. | ||
| 507 | _aEscala expresada también en leguas de 20000 pies. | ||
| 597 | _aLa h. pleg.,: "Lista alfabética correspondiente a la Carta de correos y postas de las provincias de Albacete, Alicante y Murcia: con expresión de todas las poblaciones que tienen correo diario" | ||
| 650 | 4 |
_aPostas- _zAlbacete- _vPlanos. _9160395 |
|
| 650 | 4 |
_aPostas- _zAlicante- _vPlanos. _9160396 |
|
| 650 | 4 |
_aPostas- _zMurcia- _vPlanos. _9160397 |
|
| 852 |
_aES-MaACL _jG-13387 |
||
| 999 |
_c40214 _d40214 |
||